Medaliści Mistrzostw Świata w Lotach Narciarskich 2020 - Statystyki

Ogólne statystyki
  • Ten quiz został rozwiązany 31 razy
  • Średni wynik to 14 z 15
Statystyki odpowiedzi
Konkurs Miejsce Reprezentancja Zawodnik % Poprawnych
Drużynowy 1. Norwegia Daniel-André Tande
100%
3. Dawid Kubacki
100%
3. Kamil Stoch
100%
3. Polska Piotr Żyła
100%
1. Johann André Forfang
96%
Indywidualny 1. Niemcy Karl Geiger
96%
2. Karl Geiger
96%
3. Niemcy Markus Eisenbichler
96%
2. Markus Eisenbichler
96%
3. Andrzej Stękała
92%
2. Norwegia Halvor Egner Granerud
92%
1. Halvor Egner Granerud
92%
1. Robert Johansson
88%
2. Pius Paschke
84%
2. Niemcy Constantin Schmid
56%
Nie znaleziono quizów pasujących do podanych kryteriów
Rozkład punktacji
Procent ludzi z każdym wynikiem
Percentyl według liczby udzielonych odpowiedzi
Twoja historia wyników
Nie rozwiązałeś tego quizu